000 00929nam a2200229Ia 4500
003 GCL
005 20240530094837.0
008 140319s9999 xx 000 0 ara d
040 _aGCL /
_cGCL
082 0 4 _a962
_bق/م ا
100 1 _aمركز الدراسات السياسية والاستراتيجية
245 1 0 _aاحوال مصرية /
_cمركز الدراسات السياسية والاستراتيجية
250 _aالثانية
260 _aالقاهرة :
_bمركز الدراسات السياسية والاستراتيجية - الأهرام ،
_c1998
300 _a230 ص ؛
_c24 سم
650 0 4 _aمصر - الاحوال السياسية
650 0 4 _aمصر - الاحوال الاجتماعية
650 0 4 _aمصر - التنمية الاقتصادية
650 0 4 _aمصر - التخطيط الاقتصادى
650 0 4 _aمصر - التنمية الاجتماعية
942 _2ddc
_cBK
999 _c1566
_d1566